| 000 | 00361 a2200109 4500 | ||
|---|---|---|---|
| 020 | _a0135763800 (hb) | ||
| 082 | _a624.151 COD | ||
| 100 | _aCoduto, Donald P. | ||
| 245 |
_aGeotechnical engineering : _bprinciples and practices / _cDonald P. Coduto. |
||
| 260 |
_aUpper Saddle River, NJ : _bPrentice Hall, _cc1999. |
||
| 300 |
_axviii, 759 p. : _bill. ; _c25 cm. |
||
| 650 | _aEngineering geology. | ||
| 999 |
_c1108 _d1108 |
||